[Event "AUTO-MASTER-1785"]
[Site "http://www.queenalice.com/game.php?id=1131394"]
[Date "2012.12.15"]
[Round "1"]
[White "Lindomar"]
[Black "THECRAZY"]
[Result "1-0"]
[WhiteElo "2139"]
[BlackElo "1952"]

1. e4 c5 2. Nf3 a6 3. d3 Nc6 4. g3 Nf6 5. Bg2 g6 6. O-O Bg7 7. Nc3 d6 8. h3 O-O
9. Be3 b5 10. e5 Nxe5 11. Nxe5 dxe5 12. Bxa8 Bxh3 13. Bg2 Qc8 14. Bxh3 Qxh3 15.
Qf3 Ng4 16. Qg2 Qxg2+ 17. Kxg2 Nxe3+ 18. fxe3 b4 19. Ne4 f5 20. Nxc5 e4 21. d4
a5 22. g4 f4 23. Ne6 Rc8 24. Nxg7 Kxg7 25. Rxf4 Rxc2+ 26. Rf2 Rxf2+ 27. Kxf2 Kf6
28. Rh1 Kg7 29. Kg3 a4 30. Kf4 h6 31. Kxe4 g5 32. Rf1 Kg6 33. Kd5 1-0

[Event "AUTO-MASTER-1798"]
[Site "http://www.queenalice.com/game.php?id=1138515"]
[Date "2013.1.8"]
[Round "1"]
[White "THECRAZY"]
[Black "barrai"]
[Result "1/2-1/2"]
[WhiteElo "1985"]
[BlackElo "2012"]

1. d4 d5 2. c4 Nf6 3. Nc3 c6 4. Bg5 Nbd7 5. e3 h6 6. Bh4 g5 7. Bg3 Bg7 8. h3 O-O
9. Bd3 a6 10. Nf3 e6 11. Ne5 Nxe5 12. Bxe5 dxc4 13. Bc2 b5 14. b4 Nd5 15. Bxg7
Kxg7 16. Nxd5 cxd5 17. h4 f5 18. hxg5 hxg5 19. Kd2 g4 20. Qg1 Rh8 21. f4 Bd7 22.
Qf2 Qe7 23. a3 a5 24. Kc3 Rxh1 25. Rxh1 axb4+ 26. axb4 Ra3+ 27. Kd2 Qxb4+ 28.
Ke2 Ra2 29. Rc1 Qb2 30. Kd1 b4 31. Qh4 Kf7 32. Qh7+ Ke8 33. Qg8+ Ke7 34. Qg7+
Kd8 35. Qf8+ Kc7 36. Qc5+ Kb7 37. Qe7 Kc7 38. Qc5+ Kb7 39. Qe7 Kc7 40. Qc5+
1/2-1/2

[Event "AUTO-MASTER-1798"]
[Site "http://www.queenalice.com/game.php?id=1138516"]
[Date "2013.1.8"]
[Round "1"]
[White "barrai"]
[Black "THECRAZY"]
[Result "1-0"]
[WhiteElo "1883"]
[BlackElo "1915"]

1. e4 c5 2. Bc4 a6 3. a4 Nc6 4. c3 d6 5. h3 Ne5 6. Ba2 Nd3+ 7. Kf1 Ne5 8. d4 Ng6
9. g3 b6 10. Qf3 e6 11. h4 a5 12. Bg5 f6 13. h5 Ba6+ 14. c4 fxg5 15. hxg6 Qf6
16. e5 Qxf3 17. Nxf3 h6 18. Nxg5 Ne7 19. Nf7 Rg8 20. Nxd6+ Kd7 21. Nb5 Bxb5 22.
cxb5 Nxg6 23. dxc5 Bxc5 24. f4 Rgf8 25. Ke2 Ke7 26. Nd2 Rad8 27. Ne4 Rd4 28. Nc3
Bb4 29. Bb1 Bxc3 30. bxc3 Rc4 31. Bxg6 Rxc3 32. Bd3 Rd8 33. Rhd1 Rd4 34. Ke3 Rb4
35. Rdb1 Kd7 36. Rxb4 axb4 37. Kd4 Kc7 38. Rb1 Rc5 39. Rxb4 Rd5+ 40. Ke4 g5 41.
Rc4+ Kd7 42. Rc6 gxf4 43. Bc4 Rd1 44. Bxe6+ Ke7 45. gxf4 h5 46. Kf5 h4 47. Rc7+
Kf8 48. Kf6 1-0

[Event "AUTO-MASTER-1798"]
[Site "http://www.queenalice.com/game.php?id=1138517"]
[Date "2013.1.8"]
[Round "1"]
[White "THECRAZY"]
[Black "Andrez"]
[Result "0-1"]
[WhiteElo "1911"]
[BlackElo "2018"]

1. d4 f5 2. c4 Nf6 3. Nc3 e6 4. Bg5 Be7 5. g3 O-O 6. Nf3 b6 7. Bg2 Bb7 8. O-O a5
9. b3 Ne4 10. Bxe7 Qxe7 11. Qc2 Qf6 12. Nb5 Na6 13. e3 h5 14. Ne5 Rad8 15. a3 d6
16. f3 Nxg3 17. hxg3 dxe5 18. dxe5 Qxe5 19. Rae1 Qxg3 20. f4 Rf6 21. Re2 Rg6 22.
Rff2 Nc5 23. Nc3 Nd3 24. Rf1 h4 25. Kh1 Bxg2+ 26. Rxg2 Qh3+ 27. Kg1 Qxe3+ 28.
Kh2 Rxg2+ 29. Qxg2 Nxf4 30. Qf3 Rd2+ 31. Kh1 Qxf3+ 32. Rxf3 g5 33. b4 axb4 34.
axb4 c6 35. b5 c5 36. Na4 Rd6 37. Ra3 g4 38. Nc3 g3 39. Ra8+ Kf7 40. Rh8 Ng6 41.
Rb8 Rd3 42. Ne2 Re3 43. Rb7+ Kf6 44. Ng1 Rc3 45. Rxb6 Rxc4 46. Nf3 Nf4 47. Rd6
Rc3 48. Ng1 h3 49. Rd1 h2 50. b6 hxg1=Q+ 51. Rxg1 g2+ 52. Rxg2 Nxg2 53. Kxg2 Rb3
54. Kf2 Rxb6 0-1

[Event "AUTO-MASTER-1798"]
[Site "http://www.queenalice.com/game.php?id=1138518"]
[Date "2013.1.8"]
[Round "1"]
[White "Andrez"]
[Black "THECRAZY"]
[Result "1-0"]
[WhiteElo "2034"]
[BlackElo "1971"]

1. f4 Nf6 2. Nf3 g6 3. e3 Bg7 4. Be2 O-O 5. O-O Nc6 6. b3 d6 7. Bb2 Re8 8. a4 e5
9. fxe5 dxe5 10. Na3 Ne4 11. d3 Ng5 12. Nc4 Nxf3+ 13. Bxf3 Nb4 14. e4 a5 15. Ne3
Qg5 16. Qe2 Bh6 17. Nc4 f6 18. c3 Nc6 19. Bc1 Qh4 20. Bxh6 Qxh6 21. Qf2 Be6 22.
Bd1 Rf8 23. Bc2 Bxc4 24. bxc4 f5 25. exf5 Rxf5 26. Qg3 Rxf1+ 27. Rxf1 Rf8 28.
Rxf8+ Qxf8 29. h4 Qc5+ 30. Kh2 Qe7 31. h5 Qf6 32. hxg6 Qxg6 33. Qh3 Ne7 34. Bb3
c5 35. Bd1 Kg7 36. Qe3 Qd6 37. Bf3 e4+ 38. Kg1 exf3 39. Qxf3 Nc6 40. g4 Qe6 41.
Kg2 Kg6 42. Kh3 Ne5 43. Qe4+ Kh6 44. d4 Qxc4 45. Qxe5 Qxc3+ 46. Kh4 Qxd4 47.
Qg5# 1-0

[Event "AUTO-MASTER-1798"]
[Site "http://www.queenalice.com/game.php?id=1138519"]
[Date "2013.1.8"]
[Round "1"]
[White "THECRAZY"]
[Black "LOMBARDY"]
[Result "1-0"]
[WhiteElo "1965"]
[BlackElo "2076"]

1. d4 f5 2. c4 Nf6 3. Nc3 e6 4. Bg5 Be7 5. Nf3 d6 6. d5 e5 7. Nd2 Nxd5 8. Nxd5
Bxg5 9. h4 Bh6 10. e3 c6 11. Nc3 Nd7 12. Bd3 Nc5 13. Bc2 a5 14. Qh5+ Ke7 15.
Bxf5 Bxf5 16. Qxf5 Rf8 17. Qxh7 Qd7 18. O-O Kd8 19. Rad1 Kc7 20. Nde4 Nxe4 21.
Nxe4 Rh8 22. Qg6 Qe8 23. Qxd6+ Kc8 24. Qc5 Qh5 25. Qe7 Ra7 26. Nd6+ Kb8 27. Nf7
Bg5 28. Nxg5 b6 29. Rd8+ Rxd8 30. Qxd8+ Kb7 31. Rd1 1-0

[Event "AUTO-MASTER-1798"]
[Site "http://www.queenalice.com/game.php?id=1138520"]
[Date "2013.1.8"]
[Round "1"]
[White "LOMBARDY"]
[Black "THECRAZY"]
[Result "1-0"]
[WhiteElo "2059"]
[BlackElo "1959"]

1. e4 c5 2. Nf3 a6 3. d4 cxd4 4. Nxd4 e5 5. Nf3 Nf6 6. Nxe5 Qa5+ 7. Nc3 Qxe5 8.
Bd3 Bb4 9. O-O Bxc3 10. bxc3 Qxc3 11. Bg5 h6 12. Bh4 g5 13. Bg3 Nc6 14. f4 Nb4
15. e5 Nfd5 16. fxg5 Ne3 17. Qf3 Nxf1 18. Rxf1 Qc5+ 19. Kh1 Qe7 20. Bc4 Rh7 21.
Qf5 Rg7 22. gxh6 Rxg3 23. h7 d5 24. h8=R+ 1-0

[Event "AUTO-ADV-2566"]
[Site "http://www.queenalice.com/game.php?id=1146721"]
[Date "2013.1.29"]
[Round "2"]
[White "favazza2007"]
[Black "THECRAZY"]
[Result "0-1"]
[WhiteElo "1906"]
[BlackElo "1899"]

1. d4 Nf6 2. Nf3 g6 3. g3 Bg7 4. Bg2 O-O 5. Nc3 d6 6. O-O Nc6 7. d5 Nb4 8. a3
Na6 9. Bg5 e5 10. Bxf6 Qxf6 11. Ne4 Qe7 12. b4 b6 13. b5 Nc5 14. Nxc5 bxc5 15.
Rb1 e4 16. Ne1 f5 17. c4 Bb7 18. a4 a5 19. Nc2 Rae8 20. Qe1 Bd4 21. Nxd4 cxd4
22. Qxa5 e3 23. fxe3 Qxe3+ 24. Rf2 Re7 25. Qb4 f4 26. Qb3 fxg3 27. hxg3 Qxf2+
28. Kh1 Rxe2 29. Rg1 Re1 30. Rxe1 Qxe1+ 31. Kh2 Rf2 32. Kh3 Qe5 33. Qd1 Qf5+ 34.
g4 Qf4 35. a5 Rd2 36. Qf1 Qh6+ 37. Kg3 Qe3+ 38. Kh2 Rf2 39. Qg1 d3 40. a6 Qh6+
41. Kg3 Qf4+ 42. Kh4 Bc8 43. Bh3 Rh2 44. a7 Qh6+ 45. Kg3 Qxh3+ 46. Kf4 g5+ 47.
Kxg5 Qh6# 0-1

[Event "AUTO-ADV-2566"]
[Site "http://www.queenalice.com/game.php?id=1146722"]
[Date "2013.1.29"]
[Round "2"]
[White "THECRAZY"]
[Black "favazza2007"]
[Result "1-0"]
[WhiteElo "1951"]
[BlackElo "1905"]

1. d4 d5 2. c4 e6 3. Nc3 c6 4. Nf3 Bb4 5. c5 Qa5 6. Bd2 Nf6 7. a3 Bxc3 8. Bxc3
Qc7 9. g3 Nbd7 10. Bg2 b6 11. cxb6 axb6 12. O-O O-O 13. Ne5 Nxe5 14. dxe5 Nd7
15. f4 Ba6 16. b4 c5 17. Rc1 c4 18. e4 Bb7 19. exd5 exd5 20. Bxd5 Bxd5 21. Qxd5
Rxa3 22. e6 fxe6 23. Qxe6+ Kh8 24. Rfd1 Nf6 25. Bxf6 gxf6 26. Rd7 Qb8 27. Qe7
Rf7 28. Qxf7 Qg8 29. Qxf6+ 1-0

[Event "AUTO-ADV-2615"]
[Site "http://www.queenalice.com/game.php?id=1185113"]
[Date "2013.5.27"]
[Round "2"]
[White "goldenboy"]
[Black "THECRAZY"]
[Result "1-0"]
[WhiteElo "2096"]
[BlackElo "1887"]

1. e4 c5 2. f4 d6 3. d4 cxd4 4. Qxd4 Nc6 5. Bb5 a6 6. Bxc6+ bxc6 7. c3 Bb7 8.
Be3 c5 9. Qd3 Nf6 10. Nd2 g6 11. Ngf3 Ng4 12. Bg1 Bh6 13. h3 Nf6 14. Be3 O-O 15.
g4 1-0

[Event "AUTO-ADV-2615"]
[Site "http://www.queenalice.com/game.php?id=1185114"]
[Date "2013.5.27"]
[Round "2"]
[White "THECRAZY"]
[Black "goldenboy"]
[Result "0-1"]
[WhiteElo "1895"]
[BlackElo "2088"]

1. d4 d5 2. c4 c6 3. Nc3 Nf6 4. Nf3 e6 5. Bg5 Bb4 6. a3 Bxc3+ 7. bxc3 Qa5 8.
cxd5 Nxd5 9. Bd2 Qd8 10. e4 Nf6 11. e5 Ne4 12. Qc2 Nxd2 13. Qxd2 Nd7 14. Bc4 Nb6
0-1

[Event "AUTO-ADV-2615"]
[Site "http://www.queenalice.com/game.php?id=1185119"]
[Date "2013.5.27"]
[Round "2"]
[White "THECRAZY"]
[Black "alexsandrob3478"]
[Result "0-1"]
[WhiteElo "1840"]
[BlackElo "1917"]

1. d4 Nf6 2. c4 e5 3. d5 Bb4+ 4. Bd2 Qe7 5. Qc2 O-O 6. a3 Bxd2+ 7. Nxd2 b5 8. e4
c6 9. O-O-O b4 10. a4 a5 11. Nb3 Na6 12. Nf3 cxd5 13. exd5 d6 14. Nxa5 g6 15.
Nc6 Qb7 16. b3 Bd7 17. Ne7+ Kg7 18. Ng5 Nc5 19. Kb2 Nfe4 20. Nxe4 Nxa4+ 0-1

[Event "AUTO-ADV-2615"]
[Site "http://www.queenalice.com/game.php?id=1185120"]
[Date "2013.5.27"]
[Round "2"]
[White "alexsandrob3478"]
[Black "THECRAZY"]
[Result "1-0"]
[WhiteElo "1903"]
[BlackElo "1854"]

1. d4 Nf6 2. c4 g6 3. Nc3 Bg7 4. e4 d6 5. f3 O-O 6. Be3 Nc6 7. Nge2 e5 8. d5 Ne7
9. Qd2 Ne8 10. g4 f5 11. Bh6 fxg4 12. Bxg7 Nxg7 13. fxg4 Bxg4 14. O-O-O c6 15.
Re1 Qb6 16. Ng3 Rf2 17. Re2 Raf8 18. Na4 Qd4 19. Rxf2 Rxf2 20. Qxd4 1-0

[Event "AUTO-ADV-2512"]
[Site "http://www.queenalice.com/game.php?id=1186527"]
[Date "2013.5.31"]
[Round "3"]
[White "atbn"]
[Black "THECRAZY"]
[Result "1-0"]
[WhiteElo "1945"]
[BlackElo "1879"]

1. e4 c5 2. Nf3 d6 3. Bb5+ Bd7 4. Nc3 a6 5. Bxd7+ Nxd7 6. d4 cxd4 7. Nxd4 Ngf6
8. Bd2 e5 9. Nf5 g6 10. Ne3 Bh6 11. Ned5 Bxd2+ 12. Qxd2 Nb6 13. Nxb6 1-0

[Event "AUTO-ADV-2512"]
[Site "http://www.queenalice.com/game.php?id=1186528"]
[Date "2013.5.31"]
[Round "3"]
[White "THECRAZY"]
[Black "atbn"]
[Result "0-1"]
[WhiteElo "1866"]
[BlackElo "1958"]

1. d4 Nf6 2. c4 g6 3. Nc3 Bg7 4. e4 d6 5. Nf3 Bg4 6. h3 Bd7 7. Be2 c5 8. d5 Qa5
9. Bd2 Qd8 10. Qb3 b6 11. a4 e6 12. O-O exd5 13. exd5 O-O 0-1

[Event "AUTO-ADV-2512"]
[Site "http://www.queenalice.com/game.php?id=1186531"]
[Date "2013.5.31"]
[Round "3"]
[White "miltonloviski"]
[Black "THECRAZY"]
[Result "1-0"]
[WhiteElo "1954"]
[BlackElo "1933"]

1. e4 c5 2. Nf3 d6 3. a3 a6 4. d4 cxd4 5. Nxd4 e5 6. Nb3 Nf6 7. Nc3 b5 8. f3 Nc6
9. Nd5 Nxd5 10. Qxd5 Bb7 11. Qd3 Be7 12. Be3 O-O 13. Be2 1-0

[Event "AUTO-ADV-2512"]
[Site "http://www.queenalice.com/game.php?id=1186532"]
[Date "2013.5.31"]
[Round "3"]
[White "THECRAZY"]
[Black "miltonloviski"]
[Result "0-1"]
[WhiteElo "1950"]
[BlackElo "1937"]

1. d4 d5 2. c4 dxc4 3. e4 b5 4. Nc3 c6 5. Nf3 a5 6. a3 e6 7. Bf4 Na6 8. Be2 Bd6
9. e5 Bc7 10. O-O Ne7 11. Nd2 Qxd4 12. g3 Bxe5 0-1

[Event "AUTO-ADV-2512"]
[Site "http://www.queenalice.com/game.php?id=1186533"]
[Date "2013.5.31"]
[Round "3"]
[White "schwam"]
[Black "THECRAZY"]
[Result "1-0"]
[WhiteElo "2020"]
[BlackElo "1918"]

1. e4 c5 2. Nf3 d6 3. Bb5+ Bd7 4. Bxd7+ Nxd7 5. O-O Ngf6 6. Qe2 e5 7. d3 Be7 8.
Nc3 O-O 9. a3 a6 10. Bd2 b5 11. Bg5 h6 12. Bd2 Nh5 13. Nxe5 Ndf6 14. Nc6 1-0

[Event "AUTO-ADV-2512"]
[Site "http://www.queenalice.com/game.php?id=1186534"]
[Date "2013.5.31"]
[Round "3"]
[White "THECRAZY"]
[Black "schwam"]
[Result "0-1"]
[WhiteElo "1906"]
[BlackElo "2032"]

1. d4 Nf6 2. c4 e6 3. Nc3 Bb4 4. Qc2 c5 5. e3 Nc6 6. Nf3 O-O 7. Bd2 d5 8. a3
cxd4 9. axb4 dxc3 10. bxc3 dxc4 11. Bxc4 Qc7 12. O-O Rd8 13. Rfd1 b6 14. Ng5 h6
0-1